000 00952cam a2200277 a 4500
001 709642
003 OSt
005 20240625154704.0
008 970723s1998 enk b 001 0 eng
010 _a 97030848
020 _a0415181909 (hbk.)
020 _a0415181917 (pbk.)
040 _cMUST
043 _au-at---
082 0 0 _a370.82
_222
100 _aKenway, Jane
_917882
245 0 0 _aAnswering back :
_bgirls, boys, and feminism in schools /
_cJane Kenway ... [et al.].
260 _aLondon ;
_aNew York :
_bRoutledge,
_c1998.
300 _axxi, 225 p. ;
_c22 cm.
504 _aIncludes bibliographical references (p. 214-219) and index.
650 0 _aFeminism and education
_zAustralia.
_917883
650 0 _aSex differences in education
_zAustralia.
_917884
700 1 _aKenway, Jane.
_917882
942 _2ddc
_cO_SHELF
999 _c8849
_d8849